01426nam a22002177a 4500003001000000005001700010008004100027020001800068040001400086041000700100100002700107245005000134260002900184300001200213500011400225520081300339650001401152654001101166942001201177999001901189IT-MiCISF20240517124048.0240517b |||||||| |||| 00| 0 eng d a9788851426873 cIT-MiCISF ait aAramini Michele959476 aFigli no grazie?bOltre l'inverno demografico aMilano, bAncora, c2023 app. 168 adenatalità, demografia, giovani, politica-natalista, coppia-senza-figli, cultura, società, spiritualità aNon si fanno figli a sufficienza e l’Italia è ormai destinata a decrescere nei prossimi anni. In questo lavoro, il lettore troverà una rapida descrizione della situazione demografica, ma l’obiettivo principale è quello di mettere in luce i cambiamenti culturali che hanno condotto a una minore propensione verso la generazione dei figli. Questa, infatti, è uno dei tre ambiti decisivi, insieme alla relazione di coppia e al significato che si attribuisce alla morte, che plasmano l’identità profonda di ciascuno. Tutti e tre questi ambiti coinvolgono in modo radicale la libertà della persona e sono legati da una circolarità indissolubile. È proprio il terreno della libertà e della identità della persona in relazione alla generazione dei figli, quello che noi vogliamo esplorare. aSocietà asaggio 2ddccBK c360081d360083